Statistiques concernant Culture Générale - Vol.8

Cliquez ici pour prendre le quiz!

Statistiques générales

  • Ce quiz a été pris 198 fois
  • Le résultat moyen est 8 sur 15

Statistiques - réponses

% Correct
Surnommée la "Reine du crime" elle est considérée comme l'un des plus importants et des plus novateurs des écrivains de roman policier. La plupart de ses intrigues se déroulent à huis clos, ce qui permet au lecteur d'essayer de deviner l'identité du coupable avant la fin du récit. Son nom est associé à celui de ses deux héros : Hercule Poirot et Miss Marple.Agatha Christie
97%
Nom donné à plusieurs périodes de la première moitié du XXe siècle où la fabrication, le transport, l'importation, l'exportation et la vente de boissons alcoolisées étaient interdites dans certains pays.Prohibition
88%
Pays sans accès à la mer situé dans le Petit Caucase et ancienne république socialiste soviétique. Dotée d'un riche héritage culturel, elle est une des plus anciennes civilisations au monde. Sa population est victime d'un génocide au début du XXe siècle.Arménie
81%
Remède de grand-mère pour lutter contre les rhumes ou les coups de froid, il est composé de rhum mélangé à du lait chaud ou à de l’eau chaude et peut être agrémenté de jus de citron, de miel, de cannelle ou de sucre de canne.Grog
75%
Nom communément donné au petit insecte trapu, long de 2 à 3 mm et ressemblant à un crabe, se rencontrant dans les régions pubienne et périanale chez l'Homme et transmettant une infection bénine appelée phtiriase.Morpion
75%
Terme désignant les militantes de la Women's Social and Political Union, une organisation créée en 1903 pour revendiquer le droit de vote pour les femmes au Royaume-Uni. Ses modes d’action, fondés sur la provocation, rompirent avec la bienséance qui dominait jusqu’alors le mouvement suffragiste britannique.Suffragette
65%
Humoriste français réputé pour son humour grinçant mis en valeur par une remarquable aisance littéraire, il s'est notamment illustré avec des thèmes souvent évités, son anticonformisme et son sens de l'absurde. On lui doit la maxime "On peut rire de tout, mais pas forcément avec tout le monde."Pierre Desproges
60%
Film britannique réalisé par Stephen Daldry en 2010 mettant en scène un garçon dont la passion peu virile pour la danse n'est pas du goût de son père ni de son grand frère, engagés dans les grandes grèves minières de 1984.Billy Elliot
54%
Actrice et réalisatrice française à qui l'on doit notamment les scénarios des films "Cuisine et dépendances", "Un air de famille" ou bien encore " Le Goût des autres", tous coécrits avec Jean-Pierre Bacri.Agnès Jaoui
45%
Homme politique et militant pour les droits des homosexuels américain, il meurt assassiné le 27 novembre 1978. Le verdict rendu lors du procés de son assassin, considéré comme trop clément, a provoqué les émeutes de la Nuit White réprimées par la police de San Francisco. Un film lui rendant hommage est réalisé par Gus Van Sant en 2008.Harvey Milk
30%
Plat cuisiné à base de viande de bœuf coupée en gros dés est mise à mariner la veille dans du vin rouge du vignoble de Provence, accompagnée généralement de poitrine salée ou fumée, carottes, tomate, ail, olives noires, et d'un bouquet garni.Daube provençale
28%
Principe consistant à inciser ou à creuser à l'aide d'un outil ou d'un mordant une matrice qui, après encrage, est imprimée sur du papier ou sur un autre support. L'œuvre finale ainsi obtenue s'appelle une estampe.Gravure
25%
Groupe de rock alternatif formé en 1987, leur deuxième album "Puta's Fever" (1989) connait un immense succès. Il reste aujourd'hui l'une des rares formations françaises à s'être imposée sur la scène internationale.Mano Negra
23%
Chanteuse américaine considérée comme l'une des plus grandes voix du jazz, sa chanson "Strange fruit", métaphore du corps d'un Noir pendu à un arbre, est un réquisitoire contre le racisme aux États-Unis et plus particulièrement contre les lynchages que subissent les Afro-Américains.Billie Holiday
21%
Dessinateur et caricaturiste français né en 1928, il est l'un des régents du Collège de Pataphysique. Licencié de Charlie Hebdo par Philippe Val après presque 30 ans de collaboration, il crée son propre journal satirique libertaire en 2008.Siné
20%

Distribution des résultats

Percentile par nombre de réponses

% des personnes avec chaque résultat

Votre développement - résultats

Vous n’avez pas pris ce quiz